[Event "Titled Tuesday intern op 28th Sept"]
[Site "Chess.com INT"]
[Date "2021.09.28"]
[Round "3"]
[White "Fogarasi, Norbert"]
[Black "Guzman Moneo, Alberto"]
[Result "0-1"]
[WhiteElo "2149"]
[BlackElo "2196"]
[PlyCount "54"]
[EventDate "2021.09.28"]
[EventType "swiss (blitz)"]
[EventRounds "11"]
[EventCountry "USA"]
[SourceTitle "CBM 204 Extra"]
[Source "ChessBase"]
[SourceDate "2021.11.30"]
[SourceVersion "1"]
[SourceVersionDate "2021.11.30"]
[SourceQuality "1"]

1. e4 c5 2. Nc3 e6 3. f4 Nc6 4. Nf3 d5 5. Bb5 d4 6. Bxc6+ bxc6 7. Ne2 f5 8. d3 fxe4 9. dxe4 Nf6 10. Ng3 Ba6 11. Ne5 Qc7 12. Qf3 Be7 13. Nh5 0-0 14. Bd2 c4 15. g4 Nxh5 16. gxh5 Qxe5 17. 0-0-0 Qf6 18. Rhg1 c3 19. bxc3 Bc5 20. e5 Ba3+ 21. Kb1 Rab8+ 22. Ka1 Bb2+ 23. Kb1 Bxc3+ 24. Kc1 Bb2+ 25. Kb1 Bc3+ 26. Kc1 Qe7 27. Qg3 Qa3# 0-1

[Event "Titled Tuesday intern op 4th Aug 10am"]
[Site "Chess.com INT"]
[Date "2020.08.04"]
[Round "2"]
[White "Grunberg, Mihai Lucian"]
[Black "Fogarasi, Norbert"]
[Result "1-0"]
[WhiteElo "2401"]
[BlackElo "2149"]
[PlyCount "47"]
[EventDate "2020.08.04"]
[EventType "swiss (blitz)"]
[EventRounds "10"]
[EventCountry "USA"]
[SourceTitle "CBM 197 Extra"]
[Source "ChessBase"]
[SourceDate "2020.09.30"]
[SourceVersion "1"]
[SourceVersionDate "2020.09.30"]
[SourceQuality "1"]

1. e4 c5 2. d4 e6 3. d5 exd5 4. exd5 d6 5. Nf3 Nf6 6. Bb5+ Bd7 7. a4 a6 8. Bc4 Qe7+ 9. Kf1 g6 10. Ra3 Qd8 11. Bg5 Be7 12. Re3 0-0 13. Qe2 Re8 14. Nc3 Nxd5 15. Nxd5 Bxg5 16. Rxe8+ Qxe8 17. Qxe8+ Bxe8 18. Nxg5 Bxa4 19. Nb6 Ra7 20. Nxa4 b5 21. Bxf7+ Kg7 22. Nb6 h6 23. Nc8 Ra8 24. Bd5 1-0

[Event "Budapest-chT1 Lilienthal 1213"]
[Site "Budapest"]
[Date "2013.04.14"]
[Round "10"]
[White "Fogarasi, Norbert"]
[Black "Lyell, Mark"]
[Result "0-1"]
[WhiteElo "2190"]
[BlackElo "2225"]
[PlyCount "112"]
[EventDate "2012.09.30"]
[EventType "team-tourn"]
[EventRounds "11"]
[EventCountry "HUN"]
[SourceTitle "EXT 2019"]
[Source "ChessBase"]
[SourceDate "2018.10.10"]
[SourceVersion "1"]
[SourceVersionDate "2018.10.10"]
[SourceQuality "1"]
[WhiteTeam "Budapest SENSE"]
[BlackTeam "Budapest RAC"]
[WhiteTeamCountry "HUN"]
[BlackTeamCountry "HUN"]

1. e4 c6 2. d4 d5 3. e5 c5 4. dxc5 Nc6 5. Nf3 e6 6. Be3 Nh6 7. c3 Nf5 8. Bd4 Bd7 9. Bd3 Ncxd4 10. cxd4 b6 11. cxb6 Qxb6 12. Nc3 Nxd4 13. Nxd4 Qxd4 14. 0-0 Be7 15. Re1 Rb8 16. Rb1 Qh4 17. Re3 Bc5 18. Rg3 Rb4 19. Qe2 h5 20. Bb5 Bxb5 21. Nxb5 0-0 22. Rh3 Qxf2+ 23. Qxf2 Bxf2+ 24. Kxf2 Rxb5 25. Rxh5 Rc8 26. Rh4 Rc2+ 27. Kf3 Rbxb2 28. Rxb2 Rxb2 29. Ra4 Rb7 30. h4 g6 31. g4 Kg7 32. Ra6 Rb1 33. Rxa7 Re1 34. a4 Rxe5 35. a5 Re4 36. a6 Ra4 37. Ra8 e5 38. a7 Ra3+ 39. Kf2 Kf6 40. Rd8 Rxa7 41. Rxd5 Ra2+ 42. Kf3 Ke6 43. Rb5 Ra6 44. Rb8 f5 45. gxf5+ gxf5 46. Re8+ Kd5 47. Rd8+ Ke6 48. Re8+ Kf6 49. Rf8+ Kg6 50. Rg8+ Kf7 51. Rh8 Ra3+ 52. Kg2 Ra4 53. Kg3 Rg4+ 54. Kh3 Rg8 55. Rh6 e4 56. h5 e3 0-1

[Event "Budapest-chT1 Lilienthal 1011"]
[Site "Budapest"]
[Date "2011.02.27"]
[Round "9"]
[White "Fogarasi, Norbert"]
[Black "Kovacs, Lajos1111"]
[Result "1/2-1/2"]
[WhiteElo "2206"]
[BlackElo "2212"]
[PlyCount "38"]
[EventDate "2010.09.19"]
[EventType "team-tourn"]
[EventRounds "11"]
[EventCountry "HUN"]
[SourceTitle "EXT 2020"]
[Source "ChessBase"]
[SourceDate "2019.10.17"]
[SourceVersion "1"]
[SourceVersionDate "2019.10.17"]
[SourceQuality "1"]
[WhiteTeam "Hid Unio"]
[BlackTeam "Budapest Honved III"]
[WhiteTeamCountry "HUN"]
[BlackTeamCountry "HUN"]

1. c4 e5 2. g3 g6 3. Bg2 Bg7 4. Nc3 Nc6 5. e4 d6 6. Nge2 Nge7 7. 0-0 0-0 8. d3 Rb8 9. Be3 a6 10. a4 Be6 11. Qd2 Nd4 12. Bxd4 exd4 13. Nd5 c6 14. Nxe7+ Qxe7 15. f4 f5 16. b4 fxe4 17. Bxe4 Bf5 18. Bxf5 gxf5 19. Rae1 Rfe8 1/2-1/2

[Event "Budapest-chT1 Lilienthal 1011"]
[Site "Budapest"]
[Date "2011.01.23"]
[Round "7"]
[White "Valis, Janos"]
[Black "Fogarasi, Norbert"]
[Result "0-1"]
[WhiteElo "2129"]
[BlackElo "2206"]
[PlyCount "86"]
[EventDate "2010.09.19"]
[EventType "team-tourn"]
[EventRounds "11"]
[EventCountry "HUN"]
[SourceTitle "EXT 2020"]
[Source "ChessBase"]
[SourceDate "2019.10.17"]
[SourceVersion "1"]
[SourceVersionDate "2019.10.17"]
[SourceQuality "1"]
[WhiteTeam "Budapest HUSI II"]
[BlackTeam "Hid Unio"]
[WhiteTeamCountry "HUN"]
[BlackTeamCountry "HUN"]

1. g3 e5 2. Bg2 f5 3. c3 Nf6 4. d4 e4 5. h4 d5 6. Nh3 b6 7. Bg5 c6 8. e3 Ba6 9. Nd2 Bd6 10. Bf1 Bxf1 11. Kxf1 Nbd7 12. c4 h6 13. Bxf6 Nxf6 14. Qa4 Qd7 15. Nf4 Bxf4 16. gxf4 0-0 17. cxd5 cxd5 18. Qxd7 Nxd7 19. Rc1 Rac8 20. Ke2 b5 21. a3 a5 22. f3 a4 23. fxe4 fxe4 24. Nb1 Rc4 25. Kd2 Nb6 26. Rhe1 Rfc8 27. Rc3 Kf7 28. Rcc1 Rxc1 29. Rxc1 Rxc1 30. Kxc1 Nc4 31. Nc3 Nxe3 32. Nxb5 Nf5 33. h5 Ng3 34. Nc7 Nxh5 35. Nxd5 Ke6 36. Nc3 e3 37. d5+ Kd6 38. f5 Nf4 39. Kd1 h5 40. Nxa4 Kxd5 41. Nc3+ Kd4 42. a4 h4 43. a5 h3 0-1

[Event "Budapest-chT1 Lilienthal 1011"]
[Site "Budapest"]
[Date "2010.12.12"]
[Round "6"]
[White "Juhasz, Mark"]
[Black "Fogarasi, Norbert"]
[Result "1/2-1/2"]
[WhiteElo "2231"]
[BlackElo "2206"]
[PlyCount "63"]
[EventDate "2010.09.19"]
[EventType "team-tourn"]
[EventRounds "11"]
[EventCountry "HUN"]
[SourceTitle "EXT 2020"]
[Source "ChessBase"]
[SourceDate "2019.10.17"]
[SourceVersion "1"]
[SourceVersionDate "2019.10.17"]
[SourceQuality "1"]
[WhiteTeam "Budapest Ujpest KSE"]
[BlackTeam "Hid Unio"]
[WhiteTeamCountry "HUN"]
[BlackTeamCountry "HUN"]

1. f4 d5 2. Nf3 c6 3. g3 e6 4. Bg2 Nd7 5. d3 f5 6. Nc3 Ngf6 7. 0-0 Be7 8. Kh1 c5 9. a4 0-0 10. Qe1 Re8 11. e4 d4 12. Nb5 a6 13. Na3 Rb8 14. Bd2 b6 15. c3 dxc3 16. Bxc3 Bf8 17. Qe2 Bb7 18. Ne5 Nxe5 19. fxe5 Ng4 20. Nc4 Nh6 21. Rad1 Qc7 22. d4 cxd4 23. Bxd4 Bxe4 24. Bxe4 fxe4 25. Nd6 Red8 26. Rc1 Qd7 27. Qxe4 Bxd6 28. exd6 Nf5 29. Rc7 Qxd6 30. Rxf5 Qxd4 31. Qxe6+ Kh8 32. Kg2 1/2-1/2

[Event "BCF-chT4 0506 (4NCL)"]
[Site "West Bromwich"]
[Date "2006.05.29"]
[Round "11.5"]
[White "Fogarasi, Norbert"]
[Black "Stimpson, Philip M"]
[Result "1/2-1/2"]
[WhiteElo "2120"]
[BlackElo "2090"]
[PlyCount "85"]
[EventDate "2005.11.05"]
[EventType "team"]
[EventRounds "11"]
[EventCountry "ENG"]
[SourceTitle "CBM 109 Extra"]
[Source "ChessBase"]
[SourceDate "2006.01.03"]
[SourceVersion "2"]
[SourceVersionDate "2006.01.03"]
[SourceQuality "1"]
[WhiteTeam "Metropolitan"]
[BlackTeam "Guildford IV"]
[WhiteTeamCountry "ENG"]
[BlackTeamCountry "ENG"]

1. e4 d5 2. exd5 Nf6 3. Nc3 Nxd5 4. Bc4 Nb6 5. Bb3 Bf5 6. Qf3 Qc8 7. d3 e6 8. Bf4 c6 9. Qg3 Na6 10. a3 Qd7 11. Nf3 f6 12. h4 0-0-0 13. 0-0-0 Nd5 14. Nxd5 exd5 15. Nd4 Nc5 16. Ba2 g6 17. f3 Ne6 18. Nxe6 Bxe6 19. Qf2 d4 20. Bxe6 Qxe6 21. Kb1 Qf5 22. Bd2 Qb5 23. Ka2 Qd5+ 24. Ka1 Bc5 25. Qg3 Rhe8 26. Rde1 Bd6 27. Qg4+ Qf5 28. Qxf5+ gxf5 29. Rxe8 Rxe8 30. Re1 Rxe1+ 31. Bxe1 Bf4 32. b4 b5 33. Kb2 Kd7 34. Kb3 Ke6 35. a4 a6 36. axb5 axb5 37. c3 Be3 38. Kc2 h5 39. Kb3 Ke5 40. Kc2 Kd5 41. Kb3 Ke5 42. cxd4+ Kd5 43. Kc2 1/2-1/2

[Event "BCF-chT4 0506 (4NCL)"]
[Site "West Bromwich"]
[Date "2005.12.03"]
[Round "3.3"]
[White "Pedersen, Carsten"]
[Black "Fogarasi, Norbert"]
[Result "0-1"]
[WhiteElo "2175"]
[BlackElo "2120"]
[PlyCount "78"]
[EventDate "2005.11.05"]
[EventType "team"]
[EventRounds "11"]
[EventCountry "ENG"]
[SourceTitle "CBM 109 Extra"]
[Source "ChessBase"]
[SourceDate "2006.01.03"]
[SourceVersion "2"]
[SourceVersionDate "2006.01.03"]
[SourceQuality "1"]
[WhiteTeam "Athenaeum"]
[BlackTeam "Metropolitan"]
[WhiteTeamCountry "ENG"]
[BlackTeamCountry "ENG"]

1. e4 c5 2. Nc3 Nc6 3. g3 g6 4. Bg2 Bg7 5. d3 e6 6. f4 d6 7. Nf3 Nge7 8. 0-0 0-0 9. Be3 Rb8 10. Rb1 b5 11. a3 a5 12. a4 b4 13. Nb5 Ba6 14. c4 bxc3 15. bxc3 Qd7 16. Qd2 e5 17. f5 Na7 18. fxg6 hxg6 19. c4 Nac6 20. Ng5 Nb4 21. Bh3 f5 22. Rf2 Qc6 23. Rbf1 Bb7 24. Nc3 Rf6 25. Bg2 Qd7 26. h4 Rbf8 27. Bh3 Qc6 28. Kh2 Bc8 29. Bg2 Qd7 30. Nf3 f4 31. gxf4 exf4 32. e5 fxe3 33. Qxe3 dxe5 34. Qxc5 Nxd3 35. Qxa5 Nxf2 36. Rxf2 Qg4 37. Nd5 Nxd5 38. Qxd5+ Be6 39. Qxe5 Rxf3 0-1

[Event "Budapest FS05 FM-A"]
[Site "Budapest"]
[Date "2004.05.??"]
[Round "11"]
[White "Djabri, Katherine"]
[Black "Fogarasi, Norbert"]
[Result "1/2-1/2"]
[WhiteElo "2042"]
[BlackElo "2126"]
[PlyCount "31"]
[EventDate "2004.05.??"]
[EventType "tourn"]
[EventRounds "13"]
[EventCountry "HUN"]
[SourceTitle "CBM 100 Extra"]
[Source "ChessBase"]
[SourceDate "2004.07.06"]
[SourceVersion "2"]
[SourceVersionDate "2004.07.06"]
[SourceQuality "1"]

1. d4 Nf6 2. c4 g6 3. Nc3 Bg7 4. e4 d6 5. f3 0-0 6. Be3 e5 7. d5 c6 8. Qd2 Ne8 9. h4 f5 10. Nge2 f4 11. Bf2 c5 12. Nc1 Nd7 13. Nd3 a6 14. a4 Qa5 15. Be2 Rb8 16. g3 1/2-1/2

[Event "Budapest FS05 FM-A"]
[Site "Budapest"]
[Date "2004.05.??"]
[Round "6"]
[White "Fogarasi, Norbert"]
[Black "Lakat, Gyula"]
[Result "1/2-1/2"]
[WhiteElo "2126"]
[BlackElo "2014"]
[PlyCount "98"]
[EventDate "2004.05.??"]
[EventType "tourn"]
[EventRounds "13"]
[EventCountry "HUN"]
[SourceTitle "CBM 100 Extra"]
[Source "ChessBase"]
[SourceDate "2004.07.06"]
[SourceVersion "2"]
[SourceVersionDate "2004.07.06"]
[SourceQuality "1"]

1. e4 c5 2. Nc3 Nc6 3. f4 a6 4. Nf3 g6 5. Be2 Bg7 6. 0-0 e6 7. Qe1 Nd4 8. Bd1 b5 9. d3 f5 10. exf5 gxf5 11. Nxd4 Bxd4+ 12. Kh1 Nf6 13. Bf3 d5 14. Ne2 Ng4 15. Nxd4 cxd4 16. Bxg4 fxg4 17. Qe5 0-0 18. Qxd4 Qc7 19. Bd2 Qg7 20. Bc3 Qxd4 21. Bxd4 Rf5 22. Rae1 Bd7 23. Re3 Raf8 24. g3 h5 25. Kg2 h4 26. h3 gxh3+ 27. Kxh3 e5 28. g4 exd4 29. Re7 R5f7 30. Rxf7 Kxf7 31. Kxh4 Rh8+ 32. Kg3 Rg8 33. f5 Kf6 34. Kf4 Bxf5 35. gxf5 Rg5 36. Rh1 Rxf5+ 37. Kg3 Rg5+ 38. Kf3 Rg6 39. Rh8 Ke7 40. Rh7+ Kd6 41. b4 Kc6 42. Kf4 Rg2 43. Rh6+ Kb7 44. Ke5 Rxc2 45. Kxd4 Rxa2 46. Kxd5 Rc2 47. Rh7+ Kb6 48. Rh6+ Kb7 49. Rh7+ Kb6 1/2-1/2

[Event "Budapest FS05 FM-A"]
[Site "Budapest"]
[Date "2004.05.??"]
[Round "3"]
[White "Klerides, Paris"]
[Black "Fogarasi, Norbert"]
[Result "1-0"]
[WhiteElo "2167"]
[BlackElo "2126"]
[PlyCount "101"]
[EventDate "2004.05.??"]
[EventType "tourn"]
[EventRounds "13"]
[EventCountry "HUN"]
[SourceTitle "CBM 100 Extra"]
[Source "ChessBase"]
[SourceDate "2004.07.06"]
[SourceVersion "2"]
[SourceVersionDate "2004.07.06"]
[SourceQuality "1"]

1. e4 c5 2. Nf3 e6 3. d4 cxd4 4. Nxd4 Qb6 5. Nb3 Qc7 6. Bd3 Nf6 7. 0-0 a6 8. Be3 Be7 9. c4 d6 10. Nc3 b6 11. Rc1 Bb7 12. f4 Nbd7 13. Qf3 Nc5 14. Nxc5 dxc5 15. Qg3 h5 16. e5 Ng4 17. Bd2 0-0-0 18. Rcd1 h4 19. Qh3 Rxd3 20. Qxd3 h3 21. gxh3 Qc6 22. Nd5 exd5 23. cxd5 Qd7 24. hxg4 Qxg4+ 25. Qg3 Qxg3+ 26. hxg3 Bxd5 27. b3 Rh1+ 28. Kf2 Rh2+ 29. Ke3 Kc7 30. Bc3 Kc6 31. Rf2 Rh3 32. Rg1 Bh4 33. Rf3 g6 34. Be1 Bxf3 35. Kxf3 Be7 36. Bf2 Rh2 37. Rd1 b5 38. g4 Rh3+ 39. Ke4 Rh2 40. Rd2 c4 41. bxc4 bxc4 42. f5 gxf5+ 43. gxf5 Bc5 44. Be1 Rxd2 45. Bxd2 Bb6 46. a4 Bc5 47. Bc3 Bb6 48. Bb4 Bf2 49. e6 fxe6 50. f6 c3 51. f7 1-0

[Event "HUN-chT2 Breyer 0304"]
[Site "Hungary"]
[Date "2004.02.08"]
[Round "7"]
[White "Nemes, Andras"]
[Black "Fogarasi, Norbert"]
[Result "0-1"]
[WhiteElo "1998"]
[BlackElo "2127"]
[PlyCount "67"]
[EventDate "2003.09.28"]
[EventType "team"]
[EventRounds "11"]
[EventCountry "HUN"]
[SourceTitle "EXT 2009"]
[Source "ChessBase"]
[SourceDate "2008.11.26"]
[SourceVersion "1"]
[SourceVersionDate "2008.11.26"]
[SourceQuality "1"]
[WhiteTeam "Husi II"]
[BlackTeam "Vasutepito"]
[WhiteTeamCountry "HUN"]
[BlackTeamCountry "HUN"]

1. e4 c5 2. c3 e6 3. d4 d5 4. e5 Bd7 5. f4 Nh6 6. Bd3 Qb6 7. Nf3 Bb5 8. Bxb5+ Qxb5 9. Na3 Qb6 10. 0-0 Nc6 11. Kh1 Be7 12. Nc2 0-0 13. dxc5 Bxc5 14. b4 Be7 15. a4 Rac8 16. Qd3 Qc7 17. Bd2 Rfd8 18. Rac1 a6 19. Ne3 Qd7 20. Ng5 g6 21. Qe2 d4 22. Ng4 Bxg5 23. fxg5 Nxg4 24. Qxg4 Nxe5 25. Qe4 Nc4 26. Bf4 e5 27. Bxe5 Nxe5 28. Qxe5 dxc3 29. Rxc3 Rxc3 30. Qxc3 Qxa4 31. Qe3 Qd7 32. h4 Qd5 33. Qf4 Rd7 34. Re1 0-1

[Event "Internet Section 16-A"]
[Site "Dos Hermanas"]
[Date "2003.03.16"]
[Round "1"]
[White "Fridman, Daniel"]
[Black "Fogarasi, Norbert"]
[Result "1-0"]
[WhiteElo "2577"]
[BlackElo "2162"]
[PlyCount "119"]
[EventDate "2003.03.16"]
[EventType "swiss (blitz)"]
[EventRounds "9"]
[EventCountry "ESP"]
[SourceTitle "EXT 2004"]
[Source "ChessBase"]
[SourceDate "2003.11.25"]
[SourceVersion "1"]
[SourceVersionDate "2003.11.25"]
[SourceQuality "1"]

1. d4 d5 2. Nf3 Nf6 3. c4 c6 4. e3 e6 5. Nbd2 Nbd7 6. Bd3 Be7 7. 0-0 0-0 8. e4 dxe4 9. Nxe4 b6 10. Ne5 Bb7 11. Qf3 Rb8 12. Bf4 Rc8 13. Rad1 Nxe4 14. Qxe4 g6 15. Bc2 Bf6 16. c5 b5 17. Rfe1 Bg7 18. Qf3 f6 19. Nxg6 hxg6 20. Bxg6 f5 21. Rxe6 Qh4 22. g3 Qg4 23. Qb3 Kh8 24. Kg2 Rf6 25. Re8+ Rf8 26. Rxf8+ Rxf8 27. Bf7 Rxf7 28. Qxf7 Qxd1 29. Qxd7 Qxd4 30. Qxb7 Qxb2 31. Qc8+ Kh7 32. Qxf5+ Kh8 33. Qc8+ Kh7 34. Qxc6 Bd4 35. Be3 Bxe3 36. Qe4+ Kg7 37. Qxe3 Qxa2 38. Qc3+ Kg8 39. c6 Qd5+ 40. f3 b4 41. Qxb4 Qxc6 42. Qb8+ Kg7 43. Qxa7+ Kg6 44. h4 Qc2+ 45. Qf2 Qc6 46. g4 Kg7 47. h5 Kg8 48. Kh3 Qc1 49. Qg2 Qc8 50. Kh4 Qd8+ 51. Kh3 Qc8 52. Qa2+ Kg7 53. Qb2+ Kg8 54. Qf6 Qc1 55. Kh4 Qe1+ 56. Kg5 Qd2+ 57. f4 Qd5+ 58. Kh6 Qxh5+ 59. Kxh5 Kh7 60. Qe7+ 1-0

[Event "Internet Section 14-A"]
[Site "Dos Hermanas"]
[Date "2003.03.14"]
[Round "4"]
[White "Fogarasi, Norbert"]
[Black "Keskinen, Sauli"]
[Result "0-1"]
[WhiteElo "2162"]
[BlackElo "2230"]
[PlyCount "74"]
[EventDate "2003.03.14"]
[EventType "swiss (blitz)"]
[EventRounds "9"]
[EventCountry "ESP"]
[SourceTitle "EXT 2004"]
[Source "ChessBase"]
[SourceDate "2003.11.25"]
[SourceVersion "1"]
[SourceVersionDate "2003.11.25"]
[SourceQuality "1"]

1. e4 d6 2. f4 Nf6 3. Nc3 g6 4. Nf3 Bg7 5. Be2 0-0 6. 0-0 c5 7. Qe1 Nc6 8. Bd1 Rb8 9. d3 b5 10. Qh4 e6 11. f5 exf5 12. Bh6 b4 13. Ne2 Ng4 14. Bg5 f6 15. Bd2 fxe4 16. dxe4 Nge5 17. Bh6 Nxf3+ 18. Rxf3 Ne5 19. Rg3 c4 20. Nf4 g5 21. Qh5 Qe8 22. Bxg7 Kxg7 23. h4 h6 24. hxg5 hxg5 25. Rxg5+ fxg5 26. Qxg5+ Ng6 27. Nh5+ Kg8 28. Nf6+ Rxf6 29. Qxf6 Qe6 30. Qd8+ Kg7 31. Bh5 Rb7 32. Rf1 Rf7 33. Rxf7+ Kxf7 34. Bxg6+ Kxg6 35. Qf8 Bd7 36. Qf4 Qe5 37. Qg3+ Qxg3 0-1

[Event "Internet Section 14-A"]
[Site "Dos Hermanas"]
[Date "2003.03.14"]
[Round "8"]
[White "Fogarasi, Norbert"]
[Black "Sales Filho, Espedito Severiano"]
[Result "1-0"]
[WhiteElo "2162"]
[BlackElo "2068"]
[PlyCount "125"]
[EventDate "2003.03.14"]
[EventType "swiss (blitz)"]
[EventRounds "9"]
[EventCountry "ESP"]
[SourceTitle "EXT 2004"]
[Source "ChessBase"]
[SourceDate "2003.11.25"]
[SourceVersion "1"]
[SourceVersionDate "2003.11.25"]
[SourceQuality "1"]

1. e4 c6 2. d4 d5 3. Nc3 dxe4 4. Nxe4 Nf6 5. Ng5 e6 6. Bc4 Be7 7. N1f3 0-0 8. Qe2 Nd5 9. Ne4 Nd7 10. 0-0 N7f6 11. c3 Qc7 12. Ne5 Bd6 13. f4 Nxe4 14. Qxe4 Nf6 15. Qe2 c5 16. Be3 b6 17. dxc5 Bxc5 18. Rad1 Bb7 19. Bxc5 Qxc5+ 20. Qf2 Qc7 21. Rd4 Rfd8 22. Rfd1 Rxd4 23. Qxd4 h6 24. Qd6 Rc8 25. Qxc7 Rxc7 26. Rd8+ Kh7 27. Rf8 Nh5 28. Rxf7 Rxf7 29. Nxf7 Nxf4 30. g3 Nd5 31. Nd8 Bc8 32. Kf2 a5 33. Nc6 Kg6 34. Nd4 Kf6 35. Kf3 Nc7 36. b4 Bb7+ 37. Ke3 Bd5 38. Bxd5 Nxd5+ 39. Kd3 axb4 40. c4 Ne7 41. Nc2 Nc6 42. c5 bxc5 43. Kc4 Nd4 44. Nxd4 cxd4 45. Kxd4 e5+ 46. Kc4 e4 47. Kxb4 Ke5 48. Kc3 Kd5 49. a4 Kc5 50. a5 e3 51. Kd3 e2 52. Kxe2 Kb5 53. Kf3 Kxa5 54. Kf4 Kb6 55. Kf5 Kc7 56. Kg6 h5 57. Kxg7 Kd6 58. Kg6 h4 59. gxh4 Ke7 60. Kg7 Ke6 61. h5 Kf5 62. h6 Kg5 63. h7 1-0

[Event "Internet Section 14-A"]
[Site "Dos Hermanas"]
[Date "2003.03.14"]
[Round "7"]
[White "Sretenskij, Nikolai V"]
[Black "Fogarasi, Norbert"]
[Result "1-0"]
[WhiteElo "2407"]
[BlackElo "2162"]
[PlyCount "73"]
[EventDate "2003.03.14"]
[EventType "swiss (blitz)"]
[EventRounds "9"]
[EventCountry "ESP"]
[SourceTitle "EXT 2004"]
[Source "ChessBase"]
[SourceDate "2003.11.25"]
[SourceVersion "1"]
[SourceVersionDate "2003.11.25"]
[SourceQuality "1"]

1. d4 d5 2. c4 c6 3. Nf3 Nf6 4. Nc3 e6 5. Bg5 dxc4 6. e4 b5 7. e5 h6 8. Bh4 g5 9. Nxg5 hxg5 10. Bxg5 Nbd7 11. exf6 Bb7 12. g3 Qb6 13. Bg2 0-0-0 14. 0-0 Ne5 15. dxe5 Rxd1 16. Raxd1 Bc5 17. Ne4 Bd4 18. Nd6+ Kc7 19. Nxf7 Rh5 20. Bf4 Bxb2 21. Nd8 Bc8 22. Rd6 Bxe5 23. f7 Bg7 24. Nxe6+ Bxe6 25. Rxe6+ Kd7 26. Rfe1 Bf8 27. Re8 Qc5 28. Bf3 Rf5 29. Rd1+ Bd6 30. Bg4 Kc7 31. Bxf5 Bxf4 32. f8Q Bd6 33. Rc8+ Kb6 34. Qd8+ Ka6 35. Rxc6+ Qxc6 36. Bc8+ Qb7 37. Rxd6# 1-0

[Event "BCF-chT4 0203 (4NCL)"]
[Site "Telford"]
[Date "2003.03.09"]
[Round "6.1"]
[White "Fogarasi, Norbert"]
[Black "Kreuzer, Christopher RL"]
[Result "1-0"]
[WhiteElo "2162"]
[BlackElo "1792"]
[PlyCount "87"]
[EventDate "2002.11.??"]
[EventType "team"]
[EventRounds "7"]
[EventCountry "ENG"]
[SourceTitle "EXT 2004"]
[Source "ChessBase"]
[SourceDate "2003.11.25"]
[SourceVersion "1"]
[SourceVersionDate "2003.11.25"]
[SourceQuality "1"]
[WhiteTeam "Metropolitan"]
[BlackTeam "The ADS III"]
[WhiteTeamCountry "ENG"]
[BlackTeamCountry "ENG"]

1. e4 c5 2. Nc3 d6 3. f4 e6 4. Bb5+ Bd7 5. Bxd7+ Nxd7 6. Nf3 Ne7 7. 0-0 Nc6 8. d3 Be7 9. Kh1 Bf6 10. Ne2 b5 11. g4 h6 12. f5 exf5 13. gxf5 Nde5 14. Nf4 Nxf3 15. Qxf3 Be5 16. Nd5 Qh4 17. Bf4 Bxf4 18. Qxf4 Qxf4 19. Rxf4 0-0 20. Rg1 Kh7 21. Rfg4 Rg8 22. Nf4 Ne5 23. R4g3 g6 24. Nd5 Kh8 25. Rh3 Kg7 26. fxg6 fxg6 27. Ne7 Rgf8 28. Nf5+ Rxf5 29. exf5 g5 30. Re3 Rf8 31. Rf1 Rf6 32. c3 Kf7 33. d4 Nc6 34. dxc5 dxc5 35. Rd3 a5 36. Rd7+ Ke8 37. Rd5 b4 38. Re1+ Kf8 39. Rxc5 bxc3 40. bxc3 Ne7 41. Rf1 Rc6 42. Rxc6 Nxc6 43. Kg2 Kf7 44. Rd1 1-0

[Event "Monmouth op"]
[Site "Monmouth"]
[Date "2002.07.21"]
[Round "4"]
[White "Cast, Abigail"]
[Black "Fogarasi, Norbert"]
[Result "1/2-1/2"]
[WhiteElo "2114"]
[BlackElo "2162"]
[PlyCount "54"]
[EventDate "2002.07.??"]
[EventType "swiss"]
[EventRounds "5"]
[EventCountry "WLS"]
[SourceTitle "EXT 2004"]
[Source "ChessBase"]
[SourceDate "2003.11.25"]
[SourceVersion "1"]
[SourceVersionDate "2003.11.25"]
[SourceQuality "1"]

1. d4 d5 2. c4 c6 3. cxd5 cxd5 4. Nc3 Nc6 5. Bf4 Bf5 6. e3 e6 7. Nf3 a6 8. Be2 Nf6 9. h3 Bd6 10. Bxd6 Qxd6 11. Qb3 0-0 12. 0-0 b5 13. Nh4 Bg6 14. Nxg6 hxg6 15. Bf3 Na5 16. Qd1 Rac8 17. Rc1 Nc4 18. b3 Nb6 19. Qd2 Rc7 20. Ne2 Rfc8 21. Rxc7 Rxc7 22. Rc1 Nbd7 23. Rxc7 Qxc7 24. Qc3 Qxc3 25. Nxc3 Kf8 26. a3 Ke7 27. Kf1 Kd6 1/2-1/2

[Event "Monmouth op"]
[Site "Monmouth"]
[Date "2002.07.21"]
[Round "5"]
[White "Fogarasi, Norbert"]
[Black "White, Ernest Michael"]
[Result "0-1"]
[WhiteElo "2162"]
[BlackElo "2028"]
[PlyCount "58"]
[EventDate "2002.07.??"]
[EventType "swiss"]
[EventRounds "5"]
[EventCountry "WLS"]
[SourceTitle "EXT 2004"]
[Source "ChessBase"]
[SourceDate "2003.11.25"]
[SourceVersion "1"]
[SourceVersionDate "2003.11.25"]
[SourceQuality "1"]

1. e4 e5 2. Nf3 Nc6 3. c3 d5 4. Bb5 dxe4 5. Nxe5 Qd5 6. Qa4 Nge7 7. Nxc6 bxc6 8. Bc4 Qg5 9. g3 Bh3 10. Na3 Qf6 11. d4 exd3 12. Bxd3 Rd8 13. Be4 Nd5 14. Be3 Bxa3 15. Bd4 Qe6 16. 0-0-0 Bxb2+ 17. Kxb2 0-0 18. Rhe1 Bf5 19. Bxg7 Rb8+ 20. Ka1 Rfe8 21. Qd4 Bxe4 22. f3 Qg6 23. Rxe4 Qxg7 24. Rg4 Qg6 25. Rxg6+ hxg6 26. Rd2 Re1+ 27. Rd1 Re2 28. Rd2 Nxc3 29. Rb2 Re1+ 0-1